Les Competències d'execució de la Generalitat de Catalunya : seminari celebrat a Barcelona el 23-25 de novembre de 1988 seminari celebrat a Barcelona el 23-25 de novembre de 1988
ISBN:
84-393-1172-9
Descripción Física:
182 p. ; 21 cm
Colección:
Institut d'Estudis Autonòmics ; 7
Otros Autores:
Institut d'Estudis Autonòmics (Catalunya)
MARC
| LEADER | 00000nam a2200000Ia 4500 | ||
|---|---|---|---|
| 001 | 18792 | ||
| 008 | 160829s1989 xx 000 0 cat d | ||
| 020 | |a 84-393-1172-9 | ||
| 080 | |a M-5-399 | ||
| 245 | |a Les Competències d'execució de la Generalitat de Catalunya : |b seminari celebrat a Barcelona el 23-25 de novembre de 1988 | ||
| 260 | |a Barcelona : |b Generalitat de Catalunya. Institut d'Estudis Autonòmics, |c 1989 | ||
| 300 | |a 182 p. ; |c 21 cm | ||
| 490 | |a Institut d'Estudis Autonòmics ; 7 | ||
| 590 | |a Ponències del seminari | ||
| 610 | 1 | 0 | |a Catalunya. |b Generalitat |v Congressos |9 55723 |
| 650 | |a Administració autonòmica |x Catalunya |x Congressos |9 46380 | ||
| 650 | 0 | |a Autonomia |x Catalunya |x Congressos |9 22091 | |
| 650 | 0 | |a Competència (Dret) |x Catalunya |9 32853 | |
| 700 | |a Institut d'Estudis Autonòmics (Catalunya) |9 11016 | ||
| 901 | |a Arxiu | ||
| 942 | |n 1 | ||
| 952 | |0 0 |1 0 |4 0 |6 M5399 |7 1 |9 53177 |a Arxiu |b Arxiu |d 2016-12-01 |l 0 |o M-5-399 |p 18792 |r 2016-12-01 00:00:00 |w 2016-12-01 |y ARXIU | ||
| 999 | |c 57026 |d 57026 | ||